Laddar...

Engineering hydrology

Bibliografiska uppgifter
Huvudupphovsman: Subramanya
Materialtyp: Printed Book
Publicerad: Chennai McGraw Hill Education 2013
Upplaga:4
Ämnen:
LEADER 00653nam a22002177a 4500
003 OSt
020 |a 9781259029974 
082 |a 551.48  |b SUB/EN 
100 |a Subramanya 
245 |a Engineering hydrology 
250 |a 4 
260 |a Chennai  |b McGraw Hill Education  |c 2013 
300 |a xvi, 534p. 
546 |a English 
650 |a Precipitation 
650 |a Flood Routing 
650 |a Groundwater 
650 |a Erosion and reservoir sedimentation 
942 |2 ddc  |c BK 
999 |c 163990  |d 163990 
952 |0 0  |1 0  |2 ddc  |4 0  |6 551_480000000000000_SUBEN  |7 0  |8 Gen  |9 163318  |a KAUCLV  |b KAUCLV  |c GENERAL  |d 2019-05-07  |g 585.00  |o 551.48 SUB/EN  |p 228692  |r 2019-05-07  |w 2019-05-07  |y BK